| Tag |
First Indicator |
Second Indicator |
Subfields |
| LEADER |
00000cam a2200000 i 4500 |
| 001 |
in00000008034 |
| 005 |
20151002070121.0 |
| 008 |
771103s1957 enkc b 00110 eng d |
| 035 |
|
|
|a (OCoLC)03391290
|
| 035 |
|
|
|9 AAA0387AM
|
| 040 |
|
|
|a OSU
|c OSU
|d m.c.
|d TXA
|d UtOrBLW
|
| 050 |
|
4 |
|a PR6019.O9
|b Z5 1957
|
| 100 |
1 |
|
|a Joyce, James,
|d 1882-1941.
|
| 245 |
1 |
0 |
|a Letters of James Joyce /
|c edited by Stuart Gilbert.
|
| 264 |
|
1 |
|a London :
|b Faber,
|c 1957.
|
| 300 |
|
|
|a 437 pages :
|b portrait ;
|c 25 cm.
|
| 336 |
|
|
|a text
|b txt
|2 rdacontent
|
| 337 |
|
|
|a unmediated
|b n
|2 rdamedia
|
| 338 |
|
|
|a volume
|b nc
|2 rdacarrier
|
| 504 |
|
|
|a Includes bibliographical references and index.
|
| 650 |
|
0 |
|a Authors
|x Correspondence.
|
| 700 |
1 |
|
|a Gilbert, Stuart.
|t Letters of James Joyce.
|
| 999 |
|
|
|a MARS
|
| 999 |
f |
f |
|s d1f047eb-a7b3-32c5-b18d-c0edd95006c6
|i 3ee0826a-ee7c-3d0f-883a-601a68226d67
|t 0
|
| 952 |
f |
f |
|p normal
|a Texas A&M University
|b College Station
|c Sterling C. Evans Library
|d Evans: Library Stacks
|t 0
|e PR6019.O9 Z5 1957
|h Library of Congress classification
|i unmediated -- volume
|m A14812571755
|
| 998 |
f |
f |
|a PR6019.O9 Z5 1957
|t 0
|l Evans: Library Stacks
|